[Event "Poznan op 28th"]
[Site "Poznan"]
[Date "2021.08.17"]
[Round "4"]
[White "Nowak, Bartlomiej"]
[Black "Grynia, Jakub"]
[Result "0-1"]
[WhiteElo "1063"]
[BlackElo "1399"]
[PlyCount "118"]
[EventDate "2021.08.15"]
[EventType "swiss"]
[EventRounds "9"]
[EventCountry "POL"]
[SourceTitle "CBM 203 Extra"]
[Source "ChessBase"]
[SourceDate "2021.09.30"]
[SourceVersion "1"]
[SourceVersionDate "2021.09.30"]
[SourceQuality "1"]

1. d4 Nf6 2. Bf4 e6 3. e3 c5 4. c3 Nc6 5. Nf3 d5 6. Bd3 Bd6 7. Bxd6 Qxd6 8. 0-0 0-0 9. Nbd2 Bd7 10. e4 cxd4 11. cxd4 dxe4 12. Nxe4 Nxe4 13. Bxe4 Ne7 14. Qd2 Bc6 15. Bc2 Bxf3 16. Qd3 Ng6 17. Qxf3 Qxd4 18. Qxb7 Rab8 19. Qc7 Rbc8 20. Qb7 Rxc2 21. Rad1 Qxb2 22. Qxa7 Qxa2 23. Qd7 Qc4 24. Rd4 Qc6 25. Qa7 Ra8 26. Qd7 Qxd7 27. Rxd7 Rac8 28. Rdd1 h6 29. g3 Re8 30. Kg2 Ne5 31. Rfe1 Ng4 32. Kf3 Nxh2+ 33. Ke3 Ng4+ 34. Kf4 Nxf2 35. Rd7 Nh3+ 36. Kf3 Ng5+ 37. Kg4 Rc4+ 38. Kh5 Kh7 39. g4 g6+ 40. Kh4 Nf3+ 41. Kg3 Nxe1 42. Rxf7+ Kg8 43. Rf6 Kg7 44. Rf1 Rc3+ 45. Kh2 Nf3+ 46. Kg2 Rf8 47. Rh1 Ne5 48. g5 hxg5 49. Re1 Ng4 50. Kg1 Rg3+ 51. Kh1 Rff3 52. Rc1 Rh3+ 53. Kg2 Ne3+ 54. Kg1 Rf1+ 55. Rxf1 Nxf1 56. Kxf1 g4 57. Kg2 Ra3 58. Kf2 g3+ 59. Kg1 Kh6 0-1